00326nam a2200121Ia 4500008004100000041000800041082001400049100001800063245004500081260004300126300002400169365001100193240624s9999 xx 000 0 und d aeng a363.9 SAN aSANGVIKAR B V aGLOBAL MELTDOWN OPPORTUNITIES AND CHALLE c2009aMumbaibHimalaya Books Pvt. Ltd. a445 : p. : cm. ; 25 cRSb25